Dentições humanas - Statistics

Estatísticas Gerais
  • Esse quiz foi jogado 16 vezes
    14 desde o último reset
  • A pontuação média é 5 de 46
Estatísticas das Respostas
Dente Idade % Correto
Incisivo central superior(11 e 21) IE 7 anos e meio
71%
Incisivo lateral superior(12 e 22) IE 8 anos e meio
71%
Incisivo central superior(11 e 21) IM 1 ano
43%
Incisivo lateral superior(12 e 22) IM 1 ano
29%
Incisivo central inferior(31 e 41) IM 1 ano
29%
Incisivo lateral inferior(32 e 42) IM 1 ano
29%
Incisivo central superior(11 e 21) FM 10 anos
14%
Incisivo lateral superior(12 e 22) FM 10 anos e meio
14%
Incisivo lateral inferior(32 e 42) FM 10 anos e meio
14%
Segundo pré-molar superior(15 e 25) IE 11 anos
14%
Segundo pré-molar inferior(35 e 45) IE 11 anos
14%
Canino superior(13 e 23) IE 11 aos 12 anos
14%
Canino inferior(33 e 43) IE 11 aos 12 anos
14%
Segundo molar superior(17 e 27) IE 12 anos
14%
Segundo molar inferior(37 e 47) IE 12 anos
14%
Terceiro molar superior(18 e 28) IE 18 aos 30 anos
14%
Terceiro molar inferior(38 e 48) IE 18 aos 30 anos
14%
Primeiro molar superior(16 e 26) IM 25 semanas de vida fetal
14%
Primeiro molar inferior(36 e 46) IM 25 semanas de vida intra-uterina
14%
Canino superior(13 e 23) IM 2 anos e meio
14%
Canino inferior(33 e 43) IM 2 anos e meio
14%
Primeiro molar superior(16 e 26) IE 6 anos
14%
Primeiro molar inferior(36 e 46) IE 6 anos
14%
Incisivo central inferior(31 e 41) IE 7 anos
14%
Incisivo lateral inferior(32 e 42) IE 8 anos e meio
14%
Primeiro molar superior(16 e 26) FM 11 anos e meio
0%
Segundo pré-molar inferior(35 e 45) FM 11 anos e meio
0%
Primeiro molar inferior(36 e 46) FM 11 anos e meio
0%
Primeiro pré-molar superior(14 e 24) FM 11 aos 14 anos
0%
Primeiro pré-molar inferior(34 e 44) FM 11 aos 14 anos
0%
Segundo pré-molar superior(15 e 25) FM 12 anos e meio
0%
Canino superior(13 e 23) FM 13 anos
0%
Segundo molar superior(17 e 27) FM 13 anos e meio
0%
Segundo molar inferior(37 e 47) FM 13 anos e meio
0%
Canino inferior(33 e 43) FM 13 aos 14 anos
0%
Primeiro pré-molar superior(14 e 24) IM 3 aos 4 anos
0%
Segundo pré-molar superior(15 e 25) IM 4 anos
0%
Segundo pré-molar inferior(35 e 45) IM 4 anos
0%
Segundo molar superior(17 e 27) IM 4 anos e meio
0%
Segundo molar inferior(37 e 47) IM 4 anos e meio
0%
Terceiro molar superior(18 e 28) IM 8 anos e meio
0%
Terceiro molar inferior(38 e 48) IM 8 anos e meio
0%
Incisivo central inferior(31 e 41) FM 9 aos 10 anos
0%
Primeiro pré-molar superior(14 e 24) IE 9 aos 12 anos
0%
Primeiro pré-molar inferior(34 e 44) IE 9 aos 12 anos
0%
Primeiro pré-molar inferior(34 e 44) IM Fim do terceiro ano
0%
Nenhum quiz correspondente encontrado
Distribuição das Pontuações
Porcentagem de Pessoas com Cada Pontuação
Percentil de Números Respondidos
Sua Pontuação Histórica
Você não jogou esse quiz desde o último reset